000 nam a22 7a 4500
999 _c8304
_d8304
008 171219b xxu||||| |||| 00| 0 eng d
100 _94724
_aGOYAL,PUBLICATION
245 _aLEARN GERMAN THROUGH GAMES
260 _aNEW DELHI
_bGOYAL PUB
_c2012